• 首页
  • 本馆介绍
  • 公告通知
  • 最新文献
  • 馆藏检索
  • 电子资源
  • 读者导购
  • 参考咨询
  • 我的图书馆
  • 登录
  • 详细信息显示
  • 放入我的书架
  • 预约/预借图书
  • 作者相关作品
  • 分类相关作品
  • 丛书相关作品
  • 出版社相关作品

书目信息

  • 表格格式
  • 工作单格式
  • 卡片格式
题名:
表面活性剂化学
    
 
作者: 王世荣 , 李祥高 , 刘东志 编
分册:  
出版信息: 北京   化学工业出版社  2010.04
页数: 215页
开本: 26cm
丛书名:
单 册:
中图分类: O647.2
科图分类:
主题词: 表面活性剂--表面化学--高等教育--教材 , 表面活性剂 , 表面化学
电子资源:
ISBN: 978-7-122-07783-7
000 00926nam0 2200289 450
001 132
005 20180921110620.96
010    @a978-7-122-07783-7@dCNY29.00
100    @a20100524d2010 em y0chiy50 ea
101 0  @achi
102    @aCN@b110000
105    @aa z 000yy
200 1  @a表面活性剂化学@9biao mian huo xing ji hua xue@f王世荣,李祥高,刘东志等编
205    @a2版
210    @a北京@c化学工业出版社@d2010.04
215    @a215页@c图@d26cm
300    @a高等教育规划教材
330    @a本次修订保持了第一版中的各章节内容,全面介绍了表面活性剂的概念、性质、应用原理及典型品种的合成方法。
606 0  @a表面活性剂@x表面化学@x高等教育@j教材
606 0  @a表面活性剂
606 0  @a表面化学
690    @aO647.2@v4
701  0 @a王世荣@9wang shi rong@c(化学工业)@4编
701  0 @a李祥高@9li xiang gao@4编
701  0 @a刘东志@9liu dong zhi@4编
801  0 @aCN@b91MARC@c20130904
905    @aMuseLib@dO647.2@e61=2
    
    表面活性剂化学/王世荣,李祥高,刘东志等编.-2版.-北京:化学工业出版社,2010.04
    215页:图;26cm
    高等教育规划教材
    
    ISBN 978-7-122-07783-7:CNY29.00
    本次修订保持了第一版中的各章节内容,全面介绍了表面活性剂的概念、性质、应用原理及典型品种的合成方法。
●
相关链接 在E读中查询图书 在五车中查询图书 在当当中查询图书 在豆瓣中查询图书


正题名:表面活性剂化学     索取号:O647.2/61=2         预约/预借

序号 登录号 条形码 馆藏地/架位号 状态 备注
1 1118399   211183994   第二样本阅览室/ [索取号:O647.2/61=2] 在馆    
2 1118400   211184001   化学系资料室/ [索取号:O647.2/61=2] 在馆    
3 1118401   211184010   第三借阅区/ [索取号:O647.2/61=2] 在馆    
4 1118402   211184029   第三借阅区/ [索取号:O647.2/61=2] 在馆    
5 1118403   211184038   第三借阅区/ [索取号:O647.2/61=2] 在馆    
唐山师范学院图书馆 欢迎您!
大连网信软件有限公司© 版权所有